[Event "Valle Region-ch U18 Girls"]
[Site "Buitrago"]
[Date "2017.02.12"]
[Round "6.3"]
[White "Mesa Ramirez, Ana Milena"]
[Black "Espana Londono, Angie Lorena"]
[Result "0-1"]
[WhiteElo "1381"]
[BlackElo "1622"]
[PlyCount "46"]
[EventDate "2017.02.10"]
[EventType "swiss"]
[EventRounds "7"]
[EventCountry "COL"]
[SourceTitle "EXT 2024"]
[Source "ChessBase"]
[SourceDate "2023.10.10"]
[SourceVersion "1"]
[SourceVersionDate "2023.10.10"]
[SourceQuality "1"]

1. e4 c5 2. d3 Nc6 3. Nf3 d6 4. Nc3 Bg4 5. Be2 g6 6. 0-0 Bg7 7. Bd2 Nf6 8. a3 0-0 9. h3 Bxf3 10. Bxf3 Nd4 11. Be2 a5 12. Be3 Nxe2+ 13. Nxe2 b5 14. c4 b4 15. axb4 axb4 16. Ng3 Nd7 17. Rxa8 Qxa8 18. d4 Qa2 19. Qd2 Qxc4 20. dxc5 Nxc5 21. Bxc5 dxc5 22. Qd5 Qxd5 23. exd5 Bxb2 0-1